[Event "POL-chT3 Pomorskie"]
[Site "Poland"]
[Date "2007.05.27"]
[Round "?"]
[White "Dworakowski, Arkadiusz"]
[Black "Szarmach, Andrzej"]
[Result "0-1"]
[WhiteElo "1600"]
[BlackElo "2000"]
[PlyCount "119"]
[EventDate "2007.03.25"]
[EventType "team-tourn"]
[EventRounds "10"]
[EventCountry "POL"]
[SourceTitle "EXT 2019"]
[Source "ChessBase"]
[SourceDate "2018.10.10"]
[SourceVersion "1"]
[SourceVersionDate "2018.10.10"]
[SourceQuality "1"]

1. e4 c5 2. Nf3 d6 3. d4 cxd4 4. Nxd4 Nf6 5. Nc3 a6 6. Bd3 e6 7. 0-0 Be7 8. Nf3 Qc7 9. Ne2 b5 10. b3 Bb7 11. Ng3 0-0 12. Bb2 Nbd7 13. Rc1 Rfd8 14. c4 b4 15. Bb1 Nc5 16. Re1 e5 17. Nd2 g6 18. Ndf1 a5 19. f3 Ne6 20. Ne3 Nf4 21. Kh1 N6h5 22. Ne2 Bg5 23. Rc2 Qc5 24. Nxf4 Nxf4 25. Nd5 Ne6 26. g3 Qa7 27. Rg2 Bxd5 28. exd5 Nc5 29. f4 Bh6 30. fxe5 Bg7 31. exd6 Bxb2 32. Rxb2 Rxd6 33. Rbe2 Nd7 34. Re7 Qb6 35. Rf1 Rf8 36. h4 Nf6 37. g4 Re8 38. Rxe8+ Nxe8 39. g5 Qe3 40. Qf3 Qxf3+ 41. Rxf3 f5 42. gxf6 Nxf6 43. Re3 Kf7 44. Kg2 Nd7 45. h5 Nc5 46. hxg6+ hxg6 47. Kf2 Rf6+ 48. Rf3 g5 49. Rxf6+ Kxf6 50. Ke3 Ke5 51. Kf3 a4 52. bxa4 Nxa4 53. Bc2 Nc5 54. Kg4 Kf6 55. Bf5 Na4 56. d6 Nc3 57. c5 Nxa2 58. c6 b3 59. c7 b2 60. c8Q 0-1

[Event "POL-chT3 Pomorskie"]
[Site "Poland"]
[Date "2007.04.15"]
[Round "?"]
[White "Dworakowski, Arkadiusz"]
[Black "Ziemann, Jaroslaw"]
[Result "0-1"]
[WhiteElo "1600"]
[BlackElo "2000"]
[PlyCount "94"]
[EventDate "2007.03.25"]
[EventType "team-tourn"]
[EventRounds "10"]
[EventCountry "POL"]
[SourceTitle "EXT 2019"]
[Source "ChessBase"]
[SourceDate "2018.10.10"]
[SourceVersion "1"]
[SourceVersionDate "2018.10.10"]
[SourceQuality "1"]

1. e4 Nf6 2. Nc3 d6 3. d4 c6 4. Nf3 Bg4 5. Be2 Qc7 6. h3 Bh5 7. Nh4 Bxe2 8. Qxe2 e6 9. f4 Be7 10. Nf3 Nbd7 11. Be3 Qa5 12. 0-0 0-0 13. g4 b5 14. g5 Nh5 15. Qg2 g6 16. Ne2 Qb4 17. b3 c5 18. c3 Qa5 19. Rfc1 Rac8 20. dxc5 dxc5 21. Ng3 Ng7 22. h4 c4 23. b4 Qc7 24. Nd4 a6 25. e5 Nb6 26. Ne4 Nd5 27. Bd2 Nh5 28. Qg4 Qb6 29. Nf6+ Ndxf6 30. gxf6 Bxb4 31. Kh2 Bc5 32. Be3 Rcd8 33. Rab1 Bxd4 34. cxd4 Qc6 35. Rg1 Kh8 36. Rbe1 c3 37. Qe2 Qe4 38. Qf2 b4 39. Rd1 a5 40. Rge1 Qd5 41. Rg1 a4 42. Rg5 b3 43. Qg1 Rg8 44. Rb1 c2 45. Rb2 Rc8 46. Bc1 Qf3 47. Bd2 Qd1 0-1

[Event "POL-chT3 Pomorskie"]
[Site "Poland"]
[Date "2007.04.15"]
[Round "?"]
[White "Ziemann, Jaroslaw"]
[Black "Dworakowski, Arkadiusz"]
[Result "1/2-1/2"]
[WhiteElo "2000"]
[BlackElo "1600"]
[PlyCount "47"]
[EventDate "2007.03.25"]
[EventType "team-tourn"]
[EventRounds "10"]
[EventCountry "POL"]
[SourceTitle "EXT 2019"]
[Source "ChessBase"]
[SourceDate "2018.10.10"]
[SourceVersion "1"]
[SourceVersionDate "2018.10.10"]
[SourceQuality "1"]

1. d4 Nf6 2. c4 e6 3. Nc3 d5 4. Bg5 Be7 5. e3 h6 6. Bh4 0-0 7. Nf3 Ne4 8. Bxe7 Nxc3 9. Bxd8 Nxd1 10. Be7 Nxb2 11. Bxf8 Kxf8 12. c5 b6 13. Rb1 Na4 14. Rc1 c6 15. cxb6 axb6 16. Ne5 c5 17. dxc5 bxc5 18. Bb5 c4 19. 0-0 f6 20. Nc6 Nxc6 21. Bxc6 Ra6 22. Bb5 Ra5 23. Bc6 Ra6 24. Bb5 1/2-1/2